000 01356nam a22003137a 4500
999 _c21926
_d21926
003 AR-CdUCM
008 190220b ||||| |||| 00| 0 spa d
020 _a9786124831263
040 _aMUNICIPALIDAD PROVINCIAL DEL CUSCO
_cBIBLIOTECA MUNICIPAL DEL CUSCO
082 _a869.038/C10
_bC10
245 _aCovid-19 memorias del confinamiento /
260 _aLima :
_bAlmandino Editores,
_c2021.
300 _a199 páginas. :
_bilustraciones ;
_c20 cm.
500 _aAntología de los ganadores del concurso literario "COVID-19"-2020.
505 _aContenido: Cuento. Los límites de la realidad y la ficción. -- Microrrelato. El sentir y la visión de diferentes autores. -- Crónica. El hilo del relato. -- Poesía. Teorética de la interiorización hacia la nebulosa de la poesía. -- Internacional. Un obituario posterior a la pandemia.
650 _aLiteratura peruana
_946872
650 _aNarrativa peruana
_9226
650 _aPoesía
_946873
650 _aCuentos peruanos
_946874
650 _aSiglo XXI
_946875
700 _aMoreyra Portilla, Ramiro
_946871
700 _aHuayanay Tácunan, Eduardo
_946876
700 _aRamos Parque, Elio
_946877
700 _aCastillo Briceño, Willan
_946878
700 _aGonzales Córdova, Jeampool
_946879
700 _aCuadros Anco, Herbert Adolfo
_946880
942 _2ddc
_cLIBROS
945 _aRoel